000 00318nas a22001337a 4500
003 OSt
005 20240517105046.0
008 240517b |||||||| |||| 00| 0 eng d
022 _2Living Media India Group
040 _cMRSPTU
245 _aTime Magazine
260 _aNoida
_bIndia Today Group
942 _2ddc
_cPR
_n0
_s1
999 _c10314
_d10314